| 000 | 00668nam a2200217 i 4500 | ||
|---|---|---|---|
| 001 | 169346 | ||
| 003 | ES-MaACL | ||
| 005 | 20250911062846.0 | ||
| 008 | 080901s2008 sp |||| | spa d | ||
| 020 | _a978-84-7522-101-4 | ||
| 080 | _a821.134.2-14"19" | ||
| 100 | 1 |
_aLuque, Aurora, _d1962- _974810 |
|
| 245 | 1 | 3 |
_aLa siesta de Epicuro / _cAurora Luque. |
| 260 |
_aMadrid : _bVisor Libros, _c2008. |
||
| 300 |
_a90 p. ; _c20 cm. |
||
| 490 | 1 |
_aColección Visor de poesía ; _v693 |
|
| 586 | _aX Premio Internacional de Poesía Generación del 27 | ||
| 830 | 1 |
_aColección Visor de poesía _v693 _9177331 |
|
| 852 | 4 |
_aES-MaACL _jL-29683 |
|
| 999 |
_c169346 _d169346 |
||